Statystyki dla Światowi liderzy według kraju 2020

Kliknij tutaj aby rozwiązać quiz!

Ogólne statystyki

  • Ten quiz został rozwiązany 43 razy
  • Średni wynik to 9 z 16

Statystyki odpowiedzi

KrajLider% Poprawnych
PolskaAndrzej Duda
100%
Stany
Zjednoczone
Donald Trump
98%
RosjaVladimir Putin
90%
NiemcyAngela Merkel
88%
FrancjaEmmanuel Macron
86%
Korea PółnocnaKim Jong-un
81%
Zjednoczone
Królestwo
Boris Johnson
57%
WęgryViktor Orbán
57%
TurcjaRecep Tayyip Erdoğan
52%
ChinyXi Jinping
43%
KanadaJustin Trudeau
36%
WenezuelaNicolás Maduro
31%
BrazyliaJair Bolsonaro
24%
HiszpaniaPedro Sánchez
17%
JaponiaShinzō Abe
14%
IndieNarendra Modi
10%

Rozkład punktacji

Percentyl według liczby udzielonych odpowiedzi

Procent ludzi z każdym wynikiem

Twoja historia wyników

Nie rozwiązałeś tego quizu